<?xml version="1.0" encoding="UTF-8"?>
<record
    xmlns:xsi="http://www.w3.org/2001/XMLSchema-instance"
    xsi:schemaLocation="http://www.loc.gov/MARC21/slim http://www.loc.gov/standards/marcxml/schema/MARC21slim.xsd"
    xmlns="http://www.loc.gov/MARC21/slim">

  <leader>01463nam a2200253Ia 4500</leader>
  <controlfield tag="001">IA_Al final se lleg&#xF3; a la conclusi&#xF3;n de que el palenque solo utiliza el 27.2% de su capacidad instalada y que presenta zonas de alto riesgo de incendios, as&#xED; como &#xE1;reas donde falta aplicar las buenas pr&#xE1;cticas de manufactura. Para dar alternativas de soluci&#xF3;n a los problemas encontrados, se realizaron diagramas de recorrido, se&#xF1;alizaci&#xF3;n de rutas de evacuaci&#xF3;n, cronogramas anal&#xED;ticos y una calendarizaci&#xF3;n de producci&#xF3;n para el a&#xF1;o 2019.</controlfield>
  <controlfield tag="002">ANALISIS DE LA EFICIENCIA Y CUMPLIMIENTO DE LA NOR</controlfield>
  <controlfield tag="008">220117s    xx            000 0 und d</controlfield>
  <datafield tag="010" ind1=" " ind2=" ">
    <subfield code="a">187925</subfield>
  </datafield>
  <datafield tag="530" ind1=" " ind2=" ">
    <subfield code="a">Disponible en PDF</subfield>
  </datafield>
  <datafield tag="583" ind1=" " ind2=" ">
    <subfield code="a">1ej. Impreso ; 2 ej. CD</subfield>
  </datafield>
  <datafield tag="650" ind1=" " ind2=" ">
    <subfield code="a">Alcoholes et&#xED;licos</subfield>
    <subfield code="x">Calidad del producto  </subfield>
    <subfield code="9">163450</subfield>
  </datafield>
  <datafield tag="650" ind1=" " ind2=" ">
    <subfield code="a">Alcoholes et&#xED;licos</subfield>
    <subfield code="x">Propiedades fisicoqu&#xED;micas  </subfield>
    <subfield code="9">163451</subfield>
  </datafield>
  <datafield tag="650" ind1=" " ind2=" ">
    <subfield code="a">Alcoholes et&#xED;licos</subfield>
    <subfield code="x">Propiedades sensoriales  </subfield>
    <subfield code="9">163452</subfield>
  </datafield>
  <datafield tag="650" ind1=" " ind2=" ">
    <subfield code="a">Distilled spirits</subfield>
    <subfield code="x">Physicochemical properties  </subfield>
    <subfield code="9">163453</subfield>
  </datafield>
  <datafield tag="650" ind1=" " ind2=" ">
    <subfield code="a">Distilled spirits</subfield>
    <subfield code="x">Product quality</subfield>
    <subfield code="9">163454</subfield>
  </datafield>
  <datafield tag="650" ind1=" " ind2=" ">
    <subfield code="a">Distilled spirits</subfield>
    <subfield code="x">Sensory properties </subfield>
    <subfield code="9">163455</subfield>
  </datafield>
  <datafield tag="650" ind1=" " ind2="0">
    <subfield code="a">Mezcal</subfield>
    <subfield code="z">M&#xE9;xico</subfield>
    <subfield code="z">Oaxaca  </subfield>
    <subfield code="9">152647</subfield>
  </datafield>
  <datafield tag="700" ind1=" " ind2=" ">
    <subfield code="a">Espejel Zaragoza, Jos&#xE9; Alfredo, asesor </subfield>
    <subfield code="9">163665</subfield>
  </datafield>
  <datafield tag="700" ind1="1" ind2=" ">
    <subfield code="a">Reyna Izaguirre, Diana Am&#xE9;rica</subfield>
    <subfield code="9">147338</subfield>
  </datafield>
  <datafield tag="700" ind1=" " ind2=" ">
    <subfield code="a">Szymanski Duque, Rosa Guadalupe, asesor</subfield>
    <subfield code="9">163701</subfield>
  </datafield>
  <datafield tag="942" ind1=" " ind2=" ">
    <subfield code="c">TESIS A43 2018</subfield>
  </datafield>
  <datafield tag="999" ind1=" " ind2=" ">
    <subfield code="c">187925</subfield>
    <subfield code="d">187925</subfield>
  </datafield>
</record>
